Electronic data interchange and electronic commerce: the future of appraising (Record no. 61963)

MARC details
000 -LEADER
fixed length control field 00927cam a2200229 4500
001 - CONTROL NUMBER
control field ABS61736
008 - FIXED-LENGTH DATA ELEMENTS--GENERAL INFORMATION
fixed length control field 000000n1999 000 0 eng u
035 ## - SYSTEM CONTROL NUMBER
System control number (Sirsi) u103112
100 ## - MAIN ENTRY--PERSONAL NAME
Personal name Waller, B.D.
245 ## - TITLE STATEMENT
Title Electronic data interchange and electronic commerce: the future of appraising
260 ## - PUBLICATION, DISTRIBUTION, ETC.
Date of publication, distribution, etc. 1999
490 ## - SERIES STATEMENT
Series statement Appraisal Journal
Volume/sequential designation 67(4) October 1999, 370-374(5)
520 ## - SUMMARY, ETC.
Summary, etc. Electronic data interchange and electronic commerce have greatly increased speed in data entry in many industries. However, the mortgage lending and appraisal industries have not been keen to take them on board.Considers how this is changing in the United States. References.
590 ## - LOCAL NOTE (RLIN)
Local note ABS
650 ## - SUBJECT ADDED ENTRY--TOPICAL TERM
Topical term or geographic name entry element ELECTRONIC DATA INTERCHANGE
650 ## - SUBJECT ADDED ENTRY--TOPICAL TERM
Topical term or geographic name entry element ELECTRONIC COMMERCE
650 ## - SUBJECT ADDED ENTRY--TOPICAL TERM
Topical term or geographic name entry element REAL ESTATE
650 ## - SUBJECT ADDED ENTRY--TOPICAL TERM
Topical term or geographic name entry element MORTGAGE LENDING
650 ## - SUBJECT ADDED ENTRY--TOPICAL TERM
Topical term or geographic name entry element APPRAISAL
690 ## - LOCAL SUBJECT ADDED ENTRY--TOPICAL TERM (OCLC, RLIN)
Topical term or geographic name as entry element PROPERTY-PROPERTY APPRAISAL AND VALUATION
942 ## - ADDED ENTRY ELEMENTS (KOHA)
Suppress in OPAC 0
Holdings
Withdrawn status Lost status Source of classification or shelving scheme Damaged status Not for loan Home library Current library Shelving location Date acquired Total Checkouts Full call number Barcode Date last seen Copy number Price effective from Koha item type
    Dewey Decimal Classification     London London Journal article 14/12/1999   ABS61736 103112-1001 06/08/2019 1 06/08/2019 Journal article